Justin Bieber - Runaway Love Lyrics - Statistics

General Stats
  • This quiz has been taken 30 times
    28 since last reset
  • The average score is 218 of 327
Answer Stats
Section Answer % Correct
a
96%
Where
96%
where
96%
I
91%
I,
91%
my
91%
the
91%
The
91%
Verse You
91%
you
91%
and
87%
baby
87%
love
87%
love?
87%
runaway
87%
she
87%
She
87%
to
87%
is
83%
road
83%
do?
78%
hit
78%
Chorus | Pre-Chorus I'm
78%
me
78%
me,
78%
mine
78%
of
78%
out
78%
running
78%
Running
78%
time,
78%
find
74%
find,
74%
find.
74%
know
74%
(Know
74%
Searching
74%
see,
74%
Verse See,
74%
sweet
74%
up
74%
up)
74%
up,
74%
going,
70%
just
70%
not
70%
she's
70%
be
65%
giving
65%
nobody
65%
What
65%
cool,
61%
cool
61%
cool.
61%
expect
61%
for
61%
her
61%
high,
61%
if
61%
low
61%
need
61%
that
61%
tryna
61%
with
61%
won't
61%
all
57%
can
57%
it
57%
knows
57%
stop
57%
until
57%
yeah
57%
Yeah,
57%
by
52%
needs
52%
never
52%
some
52%
trying
52%
When
52%
help
48%
herself
48%
How
48%
Oh
48%
tryna
48%
always
43%
but
43%
company
43%
enough
43%
Even
43%
give
43%
home
43%
little
43%
really
43%
us,
43%
at
39%
him
39%
it'll
39%
says
39%
steal
39%
another
35%
away?
35%
did
35%
does
35%
'fore
35%
let
35%
man
35%
stay
35%
'Cause
30%
get
30%
in
30%
swear,
30%
want
30%
Bridge Why
30%
can't
26%
ha)
26%
wouldn't
26%
I'd
22%
letting
22%
must
22%
you're
22%
face?
17%
front
17%
standing
17%
blind
13%
No matching quizzes found
Score Distribution
Percent of People with Each Score
Percentile by Number Answered
Your Score History
You have not taken this quiz since the last reset